| 000 | 00982nam a22003131 4500 | ||
|---|---|---|---|
| 001 | 29723 | ||
| 003 | BD-RjUL | ||
| 005 | 20211209051441.0 | ||
| 008 | 140407s1960 ilu b 000 0 eng | ||
| 035 | _a(BD-RjUL) | ||
| 040 |
_aDLC _cDLC _dDLC _dBD-RjUL _beng |
||
| 041 | _aeng | ||
| 082 | 0 | 0 |
_a301.15 _bIDE 1960 |
| 245 | 1 | 0 |
_aIdentity and anxiety; _bsurvival of the person in mass society, _cedited by Maurice R. Stein, Arthur J. Vidich, and David Manning White. |
| 260 |
_aGlencoe, Ill. : _bFree Press, _cc1960. |
||
| 300 |
_a658 p. ; _c25 cm. |
||
| 504 | _aIncludes bibliography. | ||
| 650 | 0 |
_aAnxiety. _990501 |
|
| 650 | 0 |
_aMass society. _990502 |
|
| 650 | 0 |
_aIndividuality. _93826 |
|
| 650 | 0 |
_aIdentity (Psychology) _990503 |
|
| 650 | 0 |
_aLiberty. _990504 |
|
| 650 | 0 |
_aAnger. _990505 |
|
| 700 | 1 |
_aStein, Maurice Robert, _d1926- _990506 |
|
| 700 | 1 |
_aVidich, Arthur J. _9198919 |
|
| 700 | 1 |
_aWhite, David Manning _9198920 |
|
| 942 |
_2ddc _cBK _01 |
||
| 999 |
_c29723 _d29723 |
||